|
|
|
|
| LEADER |
01065nam a2200253 a 4500 |
| 001 |
000296187 |
| 003 |
CZ BrMZK |
| 005 |
19980103143423.0 |
| 008 |
980330s1998 xo f slo d |
| 020 |
|
|
|a 80-225-0918-3
|
| 040 |
|
|
|a BOA001
|b cze
|
| 080 |
|
|
|a 339.5(075.8)
|2 MRF
|
| 100 |
1 |
|
|a Sršňová, Jana,
|d 1943-
|7 xx0057106
|4 aut
|
| 245 |
1 |
0 |
|a Medzinárodný manažment a medzinárodné podnikanie :
|b faktografické údaje a prípadové štúdie^ /
|c ^^Jana Sršňová, Ľubica Füzyová
|
| 250 |
|
|
|a Vyd. 2.
|
| 260 |
|
|
|a Bratislava :
|b Ekonóm,
|c 1998
|
| 300 |
|
|
|a 148 s., [28 s.] příl. ;
|c 29 cm
|
| 500 |
|
|
|a Určeno pro posl. fak. podnik. manažmentu Ekon. univ. v Bratislavě. - Bibliogr.
|
| 653 |
0 |
|
|a management
|a mezinárodní podnikání
|
| 700 |
1 |
|
|a Füzyová, Ľuba,
|d 1945-
|7 mzk2005317892
|4 aut
|
| 710 |
2 |
|
|a Ekonomická univerzita v Bratislave.
|b Fakulta podnikového manažmentu
|7 mzk2002157193
|
| 910 |
|
|
|a BOA001
|b TK-A-0262.918
|
| 990 |
|
|
|a BK
|
| 996 |
7 |
|
|b 2620010151
|c TK-A-0262.918
|l MZK
|r Sklad / do 24 hodin
|n 4
|p kup
|w 000296187
|u 000010
|a 1
|e BOA001
|j MZK50
|s A
|